| 000 | 00797pam a2200277 4500 | ||
|---|---|---|---|
| 001 | 1298 | ||
| 003 | OCoLC | ||
| 005 | 20181127163046.0 | ||
| 008 | 031024r20042003nyu 000 1 eng | ||
| 010 | _a2003066810 | ||
| 020 | _a0312323476 | ||
| 043 | _ae-uk-en | ||
| 100 | 1 | _aGash, Jonathan. | |
| 245 | 1 | 4 |
_aThe ten word game / _cJonathan Gash. |
| 250 | _a1st U.S. ed. | ||
| 260 |
_aNew York : _bThomas Dunne Books/St. Martin's Minotaur, _c2004. |
||
| 300 |
_a320 p. ; _c25 cm. |
||
| 650 | 0 |
_aAbduction _vFiction. |
|
| 650 | 0 |
_aAmber art objects _vFiction. |
|
| 650 | 0 |
_aAntique dealers _vFiction. |
|
| 650 | 0 |
_aArt thefts _vFiction. |
|
| 650 | 0 |
_aCruise ships _vFiction. |
|
| 650 | 0 |
_aLovejoy (Fictitious character) _vFiction. |
|
| 651 | 0 |
_aEngland _vFiction. |
|
| 655 | 7 |
_aMystery fiction. _2gsafd. |
|
| 999 |
_c933 _d933 |
||